000
00233nam a2200097Ia 4500
001
793167
005
20250826170643.0
008
250824s9999 xx 000 0 und d
245
0
_a
SABAH UYKUM
_c
AHMET BATMAN
260
_b
DESTEK YAYINLARI
999
_c
793167
_d
793167